| 000 | 00356nam a2200145Ia 4500 | ||
|---|---|---|---|
| 008 | 191201s2006 xx 000 0 und d | ||
| 082 | _a614.4 BEB | ||
| 100 | _aBeaglehole, R | ||
| 245 | 0 | _aBasic Epidemiology | |
| 260 |
_bAITBS Pub. _aNew Delhi _c2006 |
||
| 300 | _a174 | ||
| 650 | _aCommunity Pharmacy | ||
| 700 | _aBonita & Kjellstrom | ||
| 942 |
_2ddc _cBK |
||
| 999 |
_c8352 _d8352 |
||